<?xml version="1.0" encoding="UTF-8"?>
<record
    xmlns:xsi="http://www.w3.org/2001/XMLSchema-instance"
    xsi:schemaLocation="http://www.loc.gov/MARC21/slim http://www.loc.gov/standards/marcxml/schema/MARC21slim.xsd"
    xmlns="http://www.loc.gov/MARC21/slim">

  <leader>00998nam a2200181 a 4500</leader>
  <controlfield tag="001">000037924</controlfield>
  <controlfield tag="005">20201002031134.0</controlfield>
  <controlfield tag="008">130308s1982    dr            000 0 spa d</controlfield>
  <datafield tag="020" ind1=" " ind2=" ">
    <subfield code="a">9580207461</subfield>
  </datafield>
  <datafield tag="040" ind1=" " ind2=" ">
    <subfield code="a">DO-SdBNP</subfield>
    <subfield code="b">spa</subfield>
    <subfield code="c">BNPHU</subfield>
  </datafield>
  <datafield tag="100" ind1="1" ind2=" ">
    <subfield code="a">Tuleja, Tad</subfield>
    <subfield code="9">64358</subfield>
  </datafield>
  <datafield tag="245" ind1="1" ind2="0">
    <subfield code="a">Verdades de mentira :</subfield>
    <subfield code="b">la verdad sobre m&#xE1;s de 200 falsas creencias aceptadas como ciertas /</subfield>
    <subfield code="c">Tad Tuleja.</subfield>
  </datafield>
  <datafield tag="250" ind1=" " ind2=" ">
    <subfield code="a">2a. ed.</subfield>
  </datafield>
  <datafield tag="260" ind1=" " ind2=" ">
    <subfield code="a">Colombia :</subfield>
    <subfield code="b">Voluntad,</subfield>
    <subfield code="c">1982.</subfield>
  </datafield>
  <datafield tag="300" ind1=" " ind2=" ">
    <subfield code="a">222 p. ;</subfield>
    <subfield code="c">23 cm.</subfield>
  </datafield>
  <datafield tag="504" ind1=" " ind2=" ">
    <subfield code="a">Bibliograf&#xED;a : p. 221-22</subfield>
  </datafield>
  <datafield tag="505" ind1="0" ind2=" ">
    <subfield code="t">Pr&#xF3;logo --</subfield>
    <subfield code="t">El exiliado--</subfield>
    <subfield code="t">La calle --</subfield>
    <subfield code="t">El agregado--</subfield>
    <subfield code="t">Bolero --</subfield>
    <subfield code="t">Octava avenida--</subfield>
    <subfield code="t">Plena --</subfield>
    <subfield code="t">Asimilismo --</subfield>
    <subfield code="t">Cuarenta y siete octava --</subfield>
    <subfield code="t">Muertos en la calle --</subfield>
    <subfield code="t">Uva Playera --</subfield>
    <subfield code="t">Madrugada --</subfield>
    <subfield code="t">Los nombres --</subfield>
    <subfield code="t">Recuerdos de mentira --</subfield>
    <subfield code="t">Estado cincuenta&#xED;no --</subfield>
    <subfield code="t">Bolero triste --</subfield>
    <subfield code="t">Meditaci&#xF3;n primera: el camale&#xF3;n --</subfield>
    <subfield code="t">Algunas verdades duelen --</subfield>
    <subfield code="t">Meditaci&#xF3;n segunda: el pitirre --</subfield>
    <subfield code="t">Y todo el resto es literatura --</subfield>
    <subfield code="t">Di&#xF3;genes --</subfield>
    <subfield code="t">Requi&#xE9;m para g&#xFC;iro y &#xF3;rgano.</subfield>
  </datafield>
  <datafield tag="952" ind1=" " ind2=" ">
    <subfield code="0">0</subfield>
    <subfield code="1">0</subfield>
    <subfield code="7">-1</subfield>
    <subfield code="8">PD</subfield>
    <subfield code="a">GR</subfield>
    <subfield code="b">GR</subfield>
    <subfield code="c">OI</subfield>
    <subfield code="d">2013-03-08</subfield>
    <subfield code="i">LF1</subfield>
    <subfield code="l">0</subfield>
    <subfield code="o"> </subfield>
    <subfield code="p">37924-10</subfield>
    <subfield code="r">2020-06-25</subfield>
    <subfield code="w">2020-06-25</subfield>
    <subfield code="y">LFPD</subfield>
    <subfield code="Z">No se presta</subfield>
  </datafield>
  <datafield tag="999" ind1=" " ind2=" ">
    <subfield code="c">37414</subfield>
    <subfield code="d">37414</subfield>
  </datafield>
</record>
